000 00541nam a22001577a 4500
082 _a621.31
_bSAA
100 _aSaad, Abdullah (362637)
_9132304
245 _aInfluence of Cluster Size on Positive Streamer Initiation in SCCO2 using a 3D particle simulation Model with Field Ionization /
264 _aIslamabad :
_bUSPCAS-E, NUST
_cAugust, 2025
300 _axiv, 56 p.
_e+CD
520 _aTH-671
650 _aMS EEP Thesis
650 _aMS Thesis
_918721
700 _aSupervisor: Dr. Muhammad Farasat Abbas
_9122458
942 _2ddc
_cTHE
999 _c615527
_d615527